01351cam a22003257a 4500003000500000005001700005008004100022010001000063011001000073020001500083035001000098040000900108090001800117100004600135245024700181260010700428300001000535590004100545590004100586590004100627590004200668650002800710650004500738901000700783905002300790942000900813949005100822999001700873952013500890CHAP20220817043734.0001214d1999 mx r 00110 spa d a83136 a84108 a9688207969 a94627 cCHAP aFolleto 1610000aZedillo Ponce de León, Ernesto.912385310aConsiderations on the social, economic and political progress of the nation :bspeech delivered on the occasion of the commencement of ordinary sessions of the first period of the H. Congress of the Unionc/por Ernesto Zedillo Ponce de León aMéxico, D. F. :bPresidencia de la República. Dirección General de Comunicación Social,c1999. a37 p. aBATCH-UPDb10c20130110lUCH01h1028 aBATCH-UPDb10c20130410lUCH01h0631 aBATCH-UPDb10c20130914lUCH01h1151 aCONVERSIONb10c20130109lUCH01h134614aDesarrollo económico.14aPolítica económicazMéxico.990535 aBK aLilia Sánchez G. cFOLL aFolleto 16100bBCcFOLLd946271eTS1i94627sb c83136d83136 00102local4051708FOLLaBCbBCcPA_FOLLETOSd2012-12-17fFOLLl0oFolleto 16100p946271r2019-12-31 00:00:00w2012-12-17yFOLL